[Event "Zelenograd-ch"]
[Site "Zelenograd"]
[Date "2016.09.20"]
[Round "2"]
[White "Gerasimov, Alexander"]
[Black "Petrov, Alexey"]
[Result "1-0"]
[WhiteElo "1457"]
[BlackElo "1998"]
[PlyCount "85"]
[EventDate "2016.09.19"]
[EventType "swiss"]
[EventRounds "11"]
[EventCountry "RUS"]
[SourceTitle "EXT 2017"]
[Source "ChessBase"]
[SourceDate "2016.10.25"]
[SourceVersion "1"]
[SourceVersionDate "2016.10.25"]
[SourceQuality "1"]

1. e4 c5 2. Nc3 Nc6 3. g3 Nf6 4. Bg2 g6 5. d3 Bg7 6. h3 d6 7. Be3 Bd7 8. Qd2 Nd4 9. Nd1 h5 10. c3 Nc6 11. Ne2 e5 12. d4 b6 13. f4 Qe7 14. fxe5 dxe5 15. d5 Na5 16. b3 c4 17. b4 Nb7 18. Nf2 Nd6 19. a4 Qd8 20. a5 b5 21. 0-0 0-0 22. Kh1 Qc7 23. Ng1 Nh7 24. Bh6 Rae8 25. Rae1 Qd8 26. Be3 Qc7 27. Bc5 Ra8 28. Nf3 Rfe8 29. Be3 Qd8 30. Ng5 Nxg5 31. Bxg5 f6 32. Bh6 Kh7 33. Bxg7 Kxg7 34. Bf3 Rf8 35. Kg2 Qc7 36. g4 hxg4 37. Bxg4 f5 38. exf5 Nxf5 39. Ne4 Nh4+ 40. Kg3 Bxg4 41. hxg4 Qd8 42. Ng5 Nf5+ 43. gxf5 1-0

[Event "Zelenograd-ch"]
[Site "Zelenograd"]
[Date "2016.09.19"]
[Round "1"]
[White "Solovey, Vjacheslav"]
[Black "Gerasimov, Alexander"]
[Result "0-1"]
[WhiteElo "1734"]
[BlackElo "1457"]
[PlyCount "60"]
[EventDate "2016.09.19"]
[EventType "swiss"]
[EventRounds "11"]
[EventCountry "RUS"]
[SourceTitle "EXT 2017"]
[Source "ChessBase"]
[SourceDate "2016.10.25"]
[SourceVersion "1"]
[SourceVersionDate "2016.10.25"]
[SourceQuality "1"]

1. c4 c5 2. Nc3 g6 3. d3 Bg7 4. g3 d6 5. Bg2 Nc6 6. a3 e6 7. e3 Nge7 8. Nge2 0-0 9. 0-0 a6 10. Qc2 Rb8 11. Rb1 b5 12. cxb5 axb5 13. b4 cxb4 14. axb4 Qb6 15. Qb3 Ne5 16. Rd1 Bd7 17. Nd4 Rfc8 18. Bb2 h5 19. Nf3 Ng4 20. Re1 Bc6 21. h3 Nf6 22. Rbc1 Qb7 23. Nh4 Bxg2 24. Nxg2 Qf3 25. Qd1 Qf5 26. h4 Ng4 27. f3 Ne5 28. Nf4 g5 29. hxg5 Qxg5 30. Kf2 h4 0-1